Pays les plus proches de l'Europe - Statistiques

Statistiques générales
  • Ce quiz a été pris 22 044 fois
  • Le résultat moyen est 16 sur 20
Statistiques - réponses
km pays % Correct
14 Maroc
98%
153 Algérie
96%
0 Turquie
96%
70 Tunisie
94%
363 Égypte
93%
725 Israël
86%
341 Libye
86%
0 Géorgie
82%
511 Irak
82%
165 Iran
81%
625 Syrie
81%
110 Arménie
80%
713 Liban
80%
0 Azerbaïdjan
78%
789 Jordanie
76%
392 Chypre
74%
0 Kazakhstan
74%
970 Arabie Saoudite
73%
615 Ouzbékistan
65%
321 Turkménistan
63%
Aucun quiz correspondant
Distribution des résultats
% des personnes avec chaque résultat
Percentile par nombre de réponses
Votre historique - résultats
Vous n’avez pas pris ce quiz